000 00625nam a2200229Ia 4500
003 OSt
005 20220928104801.0
006 a|||||r|||| 00| 0
007 ta
008 220927b |||||||| |||| 00| 0 eng d
024 _a53792
037 _cTextual
040 _aSDCL
_cSDCL
_beng
041 _2eng
_aeng
082 _aO152,3M80:g, N2
100 _aJadhav Balwant Sadhu
_9412022
245 0 _aPremchand sahitya mein dalit chetna.
260 _aKanpur
_bAlka Prakashan
_c1992
300 _a304p.
_ccm.
942 _hO152,3M80:g, N2
_cTEXL
_2CC
999 _c727750
_d727750